Statistics for Monarchs by Letter - A

Click here to take the quiz!

General Stats

  • This quiz has been taken 54 times
  • The average score is 9 of 18

Answer Stats

ReignNationTitleHintMonarch% Correct
2005–PrinceOnly son of Prince Rainier III and Grace KellyAlbert
88%
1702–1707QueenKingdom of Great Britain's first monarchAnne
82%
336–323 BCKingHe was tutored by AristotleAlexander
80%
27 BC–14 ADEmperorBorn as Gaius OctaviusAugustus
80%
1999–KingMarried to Queen RaniaAbdullah II
71%
434–453KingHun called the "Scourge of God"Attila
67%
886–899King"Great" king of the Anglo Saxons who
battled the Vikings
Alfred
65%
1989–2019EmperorFirst Japanese emperor to marry a commonerAkihito
59%
656–661CaliphMuhammad's successor (according to Shiites)Ali
55%
1603–1617SultanNamesake of Istanbul's Blue MosqueAhmed
53%
1509–1543KingFirst king of PortugalAfonso I
41%
268–232 BCEmperorMauryan Emperor who adopted BuddhismAshoka
33%
1351–1334 BCPharaohCreated a religion that centered on the AtenAkhenaten
27%
1532–1533Sapa IncaFrancisco Pizarro defeated him at
the Battle of Cajamarca
Atahualpa
27%
1556–1605EmperorExpanded and consolidated Mughal domains in IndiaAkbar
22%
1588–1629Shah"Great" ruler who brought Safavid Iran's greatest extendAbbas
16%
1932–1953KingFounder of Saudi ArabiaAbdulaziz
12%
632–634CaliphMuhammad's actual successorAbu Bakr
12%

Score Distribution

Percentile by Number Answered

Percent of People with Each Score

Your Score History

You have not taken this quiz